000 00486nam a2200193Ia 4500
005 20250603145334.0
008 250603s9999 xx 000 0 und d
020 _a9780723436980
050 _aQM 25 .A27/
100 _aAbraham, Peter H...[et al]
245 0 _aMcMinn & Abrahams’ clinical atlas of human anatomy
250 _a7th ed.
260 _aUnited Kingdom
260 _bMosby Elsevier
260 _c2014
300 _a387 p
650 _aUnited Kingdom
942 _cBK
999 _c41571
_d41571